| 000 | 00000nam 2200000zi 4500 |
| 001 | 9.931414 |
| 003 | CaOODSP |
| 005 | 20250107144059 |
| 006 | m o d f |
| 007 | cr cn||||||||| |
| 008 | 231213t20242024oncd obs f000 0 eng d |
| 020 | |a9780660692937 |
| 040 | |aCaOODSP|beng|erda|cCaOODSP |
| 043 | |an-cn--- |
| 086 | 1 |aCS91-0015/22E-PDF |
| 100 | 1 |aProvencher, Claudine,|d1973- |eauthor. |
| 245 | 10|aFertility in Canada, 1921 to 2022 / |cby Claudine Provencher and Nora Galbraith. |
| 264 | 1|a[Ottawa] : |bStatistics Canada = Statistique Canada, |c2024. |
| 264 | 4|c©2024 |
| 300 | |a1 online resource (28 pages) : |bgraphs. |
| 336 | |atext|btxt|2rdacontent |
| 337 | |acomputer|bc|2rdamedia |
| 338 | |aonline resource|bcr|2rdacarrier |
| 490 | 1 |aDemographic documents, |x1205-996X ; |vNo. 2024001 |
| 500 | |a"Release date: January 31, 2024." |
| 500 | |aIssued also in French under title: La fécondité au Canada de 1921 à 2022. |
| 504 | |aIncludes bibliographical references (pages 26-28). |
| 650 | 0|aFertility|zCanada|vStatistics. |
| 655 | 7|aStatistics|2lcgft |
| 710 | 2 |aStatistics Canada. |bDemography Division, |eissuing body. |
| 775 | 08|tLa fécondité au Canada de 1921 à 2022 / |w(CaOODSP)9.931415 |
| 830 | #0|aDemographic documents,|x1205-996X ;|vNo. 2024001.|w(CaOODSP)9.504807 |
| 856 | 40|qPDF|s564 KB|uhttps://publications.gc.ca/collections/collection_2024/statcan/91f0015m2024001-eng.pdf |
| 856 | 4 |qHTML|sN/A|uhttps://www150.statcan.gc.ca/n1/pub/91f0015m/91f0015m2024001-eng.htm |
| 986 | |a91F0015M |